| 000 | 00877cam a2200205 4500 | ||
|---|---|---|---|
| 001 | WB3812-32 | ||
| 008 | 020404n2002 000 0 eng u | ||
| 035 | _a(Sirsi) u117347 | ||
| 245 | _aCall for abolition of farmers' permitted development rights. | ||
| 260 | _c2002 | ||
| 490 |
_aFarmers' Weekly _v136 (13) 29 March 2002, 12(1) |
||
| 520 | _aRoyal Commission on Environmental Pollution report 'Environmental Planning' recommends ending special arrangements which allow farmers to carry out some development work without applying for planning permission. Copies of report available from Stationery Office t +44 (0) 0870 600 5522 and can shortly be viewed at http://www.planning.haynet.com | ||
| 590 | _aWB | ||
| 650 | _aFARMING | ||
| 650 | _aPLANNING DEVELOPMENT | ||
| 650 | _aPERMITTED DEVELOPMENT | ||
| 650 | _aAGRICULTURE | ||
| 690 |
_aRural _96268 |
||
| 942 | _n0 | ||
| 999 |
_c69912 _d69912 |
||